LEADER 01081nam0-2200349---450- 001 990004719220403321 005 20091130132643.0 010 $a88-221-1520-1 035 $a000471922 035 $aFED01000471922 035 $a(Aleph)000471922FED01 035 $a000471922 100 $a19990604d1994----km-y0itay50------ba 101 0 $aita 102 $aIT 105 $ay-------001yy 200 1 $a<>asilo e la scuola dell'infanzia$estoria della scuola "materna" e dei suoi programmi dall'Ottocento ai giorni nostri$fEnzo Catarsi 210 $aScandicci [čirenze]$cLa Nuova Italia$d1994 215 $aXVI, 509 p.$d21 cm 225 1 $aEducatori antichi e moderni$v520 610 0 $aScuola materna 676 $a372.21$v21$zita 700 1$aCatarsi,$bEnzo$0170164 801 0$aIT$bUNINA$gRICA$2UNIMARC 901 $aBK 912 $a990004719220403321 952 $aP.1 PESC 124$bBibl. 20240$fFLFBC 952 $aP.1 COLL. 4 (520 BIS)$bBibl. 21382$fNAP03 959 $aFLFBC 959 $aNAP03 996 $aAsilo e la scuola dell'infanzia$9557650 997 $aUNINA LEADER 02377oas 2200973 a 450 001 9910333252703321 005 20251106213014.0 011 $a1878-3325 035 $a(DE-599)ZDB2541853-1 035 $a(DE-599)2541853-1 035 $a(OCoLC)529378742 035 $a(CONSER) 2010261013 035 $a(CKB)2900000000000007 035 $a(EXLCZ)992900000000000007 100 $a20100226b20092014 uy 101 0 $aeng 135 $aur||||||||||| 181 $ctxt$2rdacontent 182 $cc$2rdamedia 183 $acr$2rdacarrier 200 00$aJournal of experimental & clinical medicine 210 1$a[Taipei] :$cElsevier Taiwan LLC,$d[2009-2014] 210 4$d©2009-©2014 215 $a1 online resource 300 $aRefereed/Peer-reviewed 311 08$a1878-3317 517 1 $aJournal of experimental and clinical medicine 517 1 $aJ. Exp. Clin. Med 517 1 $aJECM 606 $aMedicine, Experimental$vPeriodicals 606 $aClinical medicine$vPeriodicals 606 $aClinical Medicine 606 $aMedicine 606 $aClinical medicine$2fast$3(OCoLC)fst00864361 606 $aMedicine, Experimental$2fast$3(OCoLC)fst01015244 608 $aPeriodical. 608 $aPeriodicals.$2fast 608 $aPeriodicals.$2lcgft 615 0$aMedicine, Experimental 615 0$aClinical medicine 615 12$aClinical Medicine. 615 22$aMedicine. 615 7$aClinical medicine. 615 7$aMedicine, Experimental. 676 $a610 801 0$bHNK 801 1$bHNK 801 2$bHNK 801 2$bUV0 801 2$bHNK 801 2$bHEBIS 801 2$bVRC 801 2$bOCLCQ 801 2$bSERSO 801 2$bOCLCQ 801 2$bOPELS 801 2$bCUS 801 2$bOCLCF 801 2$bOPELS 801 2$bBUF 801 2$bOCLCO 801 2$bOCLCQ 801 2$bOCLCO 801 2$bFQM 801 2$bUKMGB 801 2$bAUD 801 2$bVT2 801 2$bU3W 801 2$bTXA 801 2$bCNNAI 801 2$bLIP 801 2$bNJT 801 2$bWURST 801 2$bAU@ 801 2$bOCLCQ 801 2$bOCLCO 801 2$bOCLCA 801 2$bOCLCQ 801 2$bOCLCL 801 2$bOCLCQ 906 $aJOURNAL 912 $a9910333252703321 996 $aJournal of experimental & clinical medicine$92439986 997 $aUNINA